Personálny marketing - využitie nástrojov marketingu v riadení ľudských zdrojov diplomová práca

Gespeichert in:
Bibliographische Detailangaben
1. Verfasser: Skalková, Alena
Körperschaft: Podnikovohospodárska fakulta EU so sídlom v Košiciach. Katedra obchodného podnikania
Weitere Verfasser: Naščáková, Jana
Format: Buch
Sprache:Slowakisch
Veröffentlicht: Košice 2018
Tags: Tag hinzufügen
Keine Tags, Fügen Sie das erste Tag hinzu!

MARC

LEADER 00000nbm a2200000 4500
001 0244138
005 20181025084558.5
041 0 |a slo 
044 |a SK 
245 1 0 |a Personálny marketing - využitie nástrojov marketingu v riadení ľudských zdrojov  |b diplomová práca  |c Alena Skalková ; školiteľ: Jana Naščáková 
264 1 |a Košice  |c 2018 
300 |a 73 s. 
100 1 |a Skalková, Alena 
700 1 |a Naščáková, Jana 
710 2 |a Podnikovohospodárska fakulta EU so sídlom v Košiciach. Katedra obchodného podnikania